Thân giáo tuyệt cách /

Saved in:
Bibliographic Details
Main Author: Pháp Đăng.
Format: Article
Language:Vietnamese
Subjects:
Tags: Add Tag
No Tags, Be the first to tag this record!
Institutions: Thư viện Trường Đại học Đà Lạt
LEADER 00694nam a2200265 4500
001 DLU110123355
005 ##20110803
040 # # |a DLU  |b vie 
041 # # |a vie 
044 # # |a vn 
100 # # |a Pháp Đăng. 
245 # # |a Thân giáo tuyệt cách /  |c Pháp Đăng. 
653 # # |a Phật học 
653 # # |a Phật pháp 
653 # # |a Tu học 
773 # # |t Tuần báo Giác ngộ  |g Số 425, 2008, tr. 17 
920 # # |a Phòng Tạp chí -- Trung tâm Thông tin - Thư viện Trường Đại học Đà Lạt 
994 # # |a DLU 
900 # # |a True 
911 # # |a Nguyễn Thị Linh Chi 
925 # # |a G 
926 # # |a A 
927 # # |a BB 
980 # # |a Thư viện Trường Đại học Đà Lạt